The philosophy of right : Rights in the Family

Guardat en:
Dades bibliogràfiques
Autor principal: Rosmini, Antonio
Format: Llibre
Idioma:Undetermined
Publicat: Durham, Inglaterra Rosmini House 1955
Matèries:
Etiquetes: Afegir etiqueta
Sense etiquetes, Sigues el primer a etiquetar aquest registre!

MARC

LEADER 00000nam a2200000Ia 4500
008 170316s9999 xx 000 0 und d
090 |a 100 R-34r 
100 |a Rosmini, Antonio 
245 4 |a The philosophy of right : Rights in the Family 
260 |a Durham, Inglaterra 
260 |b Rosmini House 
260 |c 1955 
300 |a 248 páginas Vol. 5 
650 |a FILOSOFÍA 
999 |c 17455  |d 17455 
040 |a cru BVZT 
942 |c 15 D  |h 100 R-34r  |2 z